000 01754nam a2200361 i 4500
001 195362
003 SpMaBN
005 20250801155139.0
008 240606s2020 sp | |||| 000 p spa
015 _aMON20
017 _aAL 1631-2020
_bOficina Depósito Legal Almería
020 _a9788418468667
040 _aSpMaBN
_bspa
_cSpMaBN
_erda
_dES-MaACL
080 _a821.134.2-14"19"
100 _aGaitán Pacheco, Ricardo,
_d1954-
_eaut
_9236892
245 1 0 _aPoemas luz :
_b22/65 /
_cRicardo Gaitán Pacheco
250 _aPrimera edición: 2020
264 1 _a[El Ejido] :
_bLetrame Grupo Editorial,
_c[2020].
300 _a55 páginas ;
_c20 cm
336 _aTexto
_2rdacontent
337 _asin mediación
_2rdamedia
338 _avolumen
_2rdacarrier
520 _aPoemas Luz-22/65 es un libro de poesías de amor con el que su autor, tras publicar numerosos artículos y libros técnicos, debuta como poeta. A sus 65 años, aporta la experiencia de un corazón curtido y lleno de vivencias pero también la sensibilidad de un joven enamorado. La experiencia de la edad y la pasión de juventud se aúnan en estos 22 poemas que conforman su primera obra lírica.
655 0 _aPoesías amorosas
_9236893
852 _aES-MaACL
_cDEPOJ
_jN-10019
_gDedicatoria autógrafa del autor
_hDonación: Ricardo Gaitán Pacheco
_xEncuadernación rústica con solapas
_9206166
903 _aGaitán Pacheco, Ricardo,
_d1954-
_ednr
_9236892
942 _cMONOGRAFIA
_n0
999 _c195362
_d195362